Work in progress: a guide to academic writing and revising
-д хадгалсан:
| Үндсэн зохиолч: | |
|---|---|
| Формат: | Ном |
| Хэл сонгох: | англи |
| Хэвлэсэн: |
Boston
Bedford
2001
|
| Нөхцлүүд: | |
| Шошгууд: |
Шошго нэмэх
Шошго байхгүй, Энэхүү баримтыг шошголох эхний хүн болох!
|
MARC
| LEADER | 00000nam a2200000 a 4500 | ||
|---|---|---|---|
| 001 | UCM4447 | ||
| 003 | CL-VaPUC | ||
| 008 | 020823e20010000US |||||||||||||||||eng|d | ||
| 082 | 0 | 4 | |a 808 |b EDE |2 21 |
| 100 | 0 | |a Ede, Lisa |e author |9 471012 | |
| 245 | 1 | 0 | |a Work in progress: a guide to academic writing and revising |
| 300 | |a 474 p | ||
| 942 | |c BK | ||
| 945 | |d 20020823 00:00:00 |a cmena | ||
| 260 | |a Boston |b Bedford |c 2001 | ||
| 650 | 0 | |a Retórica |9 266620 | |
| 650 | 7 | |a ESCRITOS TECNICOS |2 CL-VaPUC |9 434103 | |
| 650 | 0 | |a Educación lingüística |9 306506 | |
| 650 | 0 | |a Investigación lingüística |9 329785 | |
| 583 | |a last modification |c 20020823 00:00:00 |k Rodrigo Vera | ||
| 999 | |c 301166 |d 301164 | ||
| 952 | |0 0 |1 0 |4 0 |6 808_000000000000000_EDE_2001 |7 0 |8 A |9 359908 |a FDOPOS |b BIBEDU |d 2019-11-21 |i 3838471 |l 4 |o 808 EDE 2001 |p 3838471 |r 2025-01-22 |s 2022-05-20 |w 2019-11-21 |y BK |k MLA | ||